000 00767nam a2200217Ia 4500
001 20547
003 GE_BSU
008 181216s||||||||xx |||||||||||||| ||und||
040 _cGE_BSU
080 _a811.353.1-8(075.3)
245 _aდედაენა. ნაწ.1
245 _cიაკობ გოგებაშვილის დედაენის მიხედვით შეადგინა ვ. რამიშვილმა. რედ. ნ. სუხიტაშვილი
250 _a11 გამოც.
260 _aთბილისი
260 _bგანათლება
260 _c1992
300 _a32გვ. 23სმ. ილ.
541 _h26ლ.56თ.
653 _aდედაენა. ნაწ.1
942 _cBK
999 _c53501
_d53501